Portugal Footballers 100 or International Caps - Sudden Death - Statistics

General Stats
  • This quiz has been taken 135 times
  • The average score is 3 of 7
Answers on the Grid
Answers color-coded by a green-red scale on the quiz's grid according to % correct below.
Bernardo Silva
Bruno Alves
Bruno Fernandes
Cristiano Ronaldo
Danilo Pereira
Deco
Eusébio
Fernando Couto
Hélder Postiga
João Cancelo
João Moutinho
João Pinto
João Pinto
Luís Figo
Nani
Nuno Gomes
Pauleta
Paulo Ferreira
Pepe
Raphaël Guerreiro
Raul Meireles
Ricardo Carvalho
Ricardo Quaresma
Rúben Dias
Rúben Neves
Rui Costa
Rui Patrício
Sérgio Conceição
Simão
Tiago
Vítor Baía
William Carvalho
 
Answer Stats
Answer % Correct
Cristiano Ronaldo
95%
Pepe
63%
João Moutinho
44%
Luís Figo
38%
Nani
32%
Rui Patrício
32%
Fernando Couto
16%
No matching quizzes found
Score Distribution
Percent of People with Each Score
Percentile by Number Answered
Your Score History
You have not taken this quiz